10 plus grands pays d'Europe - Statistiques

Statistiques générales
  • Ce quiz a été pris 191 fois
  • Le résultat moyen est 9 sur 10
Statistiques - réponses
Km² Réponse % Correct
551 695 France
100%
357 000 Allemagne
98%
511 015 Espagne
98%
4 320 025 Russie
97%
301 234 Italie
94%
450 295 Suede
90%
603 628 Ukraine
89%
324 220 Norvege
88%
312 685 Pologne
88%
338 145 Finlande
85%
Aucun quiz correspondant
Distribution des résultats
% des personnes avec chaque résultat
Percentile par nombre de réponses
Votre historique - résultats
Vous n’avez pas pris ce quiz